Anales del teatro y de la música / (Record no. 98484)

MARC details
000 -LEADER
campo de control de longitud fija 01530nam a2200337 i 4500
001 - NÚMERO DE CONTROL
campo de control 98484
003 - IDENTIFICADOR DE NÚMERO DE CONTROL
campo de control ES-MaACL
005 - FECHA Y HORA DE LA ÚLTIMA TRANSACCIÓN
campo de control 20250824042029.0
007 - CAMPO FIJO DE DESCRIPCIÓN FÍSICA--INFORMACIÓN GENERAL
campo de control de longitud fija t|
008 - DATOS DE LONGITUD FIJA--INFORMACIÓN GENERAL
campo de control de longitud fija 050919s1884 sp |||| |cspa d
080 ## - NÚMERO DE LA CLASIFICACIÓN DECIMAL UNIVERSAL
Número de la Clasificación Decimal Universal 929(460)"18":7/8
100 1# - ENTRADA PRINCIPAL--NOMBRE DE PERSONA
Nombre de persona Pérez Martínez, José V.
9 (RLIN) 91008
245 10 - MENCIÓN DEL TÍTULO
Título Anales del teatro y de la música /
Mención de responsabilidad, etc. por José V. Pérez Martínez ;
Resto del título con un Estudio sobre el realismo en la ciencia, en el arte en general y en la literatura / por D. José Echegaray.
246 3# - FORMA VARIANTE DEL TITULO
Título propio/Titulo breve Estudio sobre el realismo en la ciencia, en el arte en general y en la literatura (fragmento)
260 ## - PUBLICACIÓN, DISTRIBUCIÓN, ETC.
Lugar de publicación, distribución, etc. Madrid :
Nombre del editor, distribuidor, etc. Librería Gutenberg :
-- Victoriano Suárez,
Fecha de publicación, distribución, etc. 1884 (
Fabricante Est. Tip. de Ricardo Fé)
300 ## - DESCRIPCIÓN FÍSICA
Extensión XIV, 472 p. ;
Dimensiones 22 cm.
505 8# - NOTA DE CONTENIDO CON FORMATO
Nota de contenido con formato Contiene: Año primero: 1883-1884
530 ## - NOTA DISPONIBLE DE FORMULARIO FÍSICO ADICIONAL
Nota de formato físico adicional disponible Disponible en formato digital.
594 ## - Nota al título y mención de responsabilidad
Nota al título y mención de responsabilidad Precede al tít.: Crítica dramática y musical y biografías de autores, compositores y artistas.
650 #7 - PUNTO DE ACCESO ADICIONAL DE MATERIA--TÉRMINO DE MATERIA
Término de materia o nombre geográfico como elemento de entrada Teatros-
Subdivisión geográfica Madrid
Fuente del encabezamiento o término
9 (RLIN) 161426
650 #4 - PUNTO DE ACCESO ADICIONAL DE MATERIA--TÉRMINO DE MATERIA
Término de materia o nombre geográfico como elemento de entrada Teatro español-
Subdivisión cronológica S.XIX.
9 (RLIN) 17346
650 #4 - PUNTO DE ACCESO ADICIONAL DE MATERIA--TÉRMINO DE MATERIA
Término de materia o nombre geográfico como elemento de entrada Artistas-
Subdivisión geográfica España.
9 (RLIN) 135633
650 #7 - PUNTO DE ACCESO ADICIONAL DE MATERIA--TÉRMINO DE MATERIA
Término de materia o nombre geográfico como elemento de entrada Música-
Subdivisión geográfica España-
Subdivisión cronológica S.XIX
Fuente del encabezamiento o término
9 (RLIN) 138414
650 #4 - PUNTO DE ACCESO ADICIONAL DE MATERIA--TÉRMINO DE MATERIA
Término de materia o nombre geográfico como elemento de entrada Compositores-
Subdivisión geográfica España.
9 (RLIN) 173161
650 #4 - PUNTO DE ACCESO ADICIONAL DE MATERIA--TÉRMINO DE MATERIA
Término de materia o nombre geográfico como elemento de entrada Realismo.
9 (RLIN) 16685
700 1# - ENTRADA AGREGADA--NOMBRE PERSONAL
Nombre de persona Echegaray, José,
Fechas asociadas al nombre 1832-1916
9 (RLIN) 46526
852 ## - LOCALIZACIÓN
Ubicación ES-MaACL
Número de control de estantería G-1634
Nota libre - Faltan p. I-VII del prólogo
-- - Ded. ms. del autor al Sr. Inzenga
852 ## - LOCALIZACIÓN
Ubicación ES-MaACL
Número de control de estantería B-2314
856 ## - LOCALIZACIÓN Y ACCESO ELECTRÓNICOS
Identificador Uniforme de Recursos <a href="https://archive.org/details/analesdelteatroy00pruoft ">https://archive.org/details/analesdelteatroy00pruoft </a>
Nota pública Internet Archive
Holdings
Estatus retirado Estado de pérdida Estado de daño No para préstamo Colección Biblioteca de origen Biblioteca actual Ubicación en estantería Fecha de adquisición Fuente de adquisición Total de préstamos Signatura topográfica completa Código de barras Visto por última vez Precio de reemplazo Tipo de ítem Koha
        Colección digital Biblioteca del Ateneo de Madrid Biblioteca del Ateneo de Madrid Sala Pardo Bazán 17/01/2008     B-2314 1102812 23/02/2023 23/02/2023 Libro impreso antiguo
        Colección digital Biblioteca del Ateneo de Madrid Biblioteca del Ateneo de Madrid Depósito 2 17/01/2008     G-1634 1102811 23/02/2023 23/02/2023 Libro impreso antiguo